Systematic Theology (Record no. 14971)

MARC details
000 -LEADER
fixed length control field 00621nam a2200241 a 4500
020 ## - INTERNATIONAL STANDARD BOOK NUMBER
ISBN 9788173625381
082 00 - DEWEY DECIMAL CLASSIFICATION NUMBER
Classification number 230
Author Cutter GRU1
100 ## - MAIN ENTRY--AUTHOR NAME
Author name Grudem, Wayne
245 ## - TITLE STATEMENT
Title Systematic Theology
Sub title An Introduction to Biblical Doctrine
260 ## - PUBLICATION, DISTRIBUTION, ETC. (IMPRINT)
Place of publication Sec-Bad
Name of publisher Authentic Books
Year of publication 2003
300 ## - PHYSICAL DESCRIPTION
Number of Pages 1290p
500 ## - GENERAL NOTE
General note includes index and biblioraphy
505 2# - FORMATTED CONTENTS NOTE
Formatted contents note Indices
650 ## - SUBJECT ADDED ENTRY--TOPICAL TERM
Topical Term Theology-Systematic
942 ## - ADDED ENTRY ELEMENTS (KOHA)
Koha item type Books
700 1# -
-- Grudem, Wayne
Holdings
Collection code Home library Current library Date acquired Cost, normal purchase price Full call number Accession Number Koha item type
  Henry Martyn Institute Library Henry Martyn Institute Library 04/13/2010 795.00 230 GRU1 023273 Books
                   Copyright © 2026 | Henry Martyn Institute | Hyderabad | TS-500052 | INDIA | Implemented by hmi.edu.in
Hit-Count:

Powered by Koha